India's rights revolution : has it worked for the poor (Record no. 443742)

000 -LEADER
fixed length control field 00482cam a22001697a 4500
008 - FIXED-LENGTH DATA ELEMENTS--GENERAL INFORMATION
fixed length control field 180718b2013 xxu||||| |||| 00| 0 eng d
020 ## - INTERNATIONAL STANDARD BOOK NUMBER
International Standard Book Number 0198081669
082 ## - DEWEY DECIMAL CLASSIFICATION NUMBER
Classification number C41x54 D26i
100 ## - MAIN ENTRY--PERSONAL NAME
Personal name Das, S.K.
245 ## - TITLE STATEMENT
Title India's rights revolution : has it worked for the poor
Statement of responsibility, etc. by S.K.Das
260 ## - PUBLICATION, DISTRIBUTION, ETC.
Place of publication, distribution, etc. New Delhi
Name of publisher, distributor, etc. Oxford
Date of publication, distribution, etc. 2013
300 ## - PHYSICAL DESCRIPTION
Extent 330p.
650 ## - SUBJECT ADDED ENTRY--TOPICAL TERM
Topical term or geographic name entry element India -- Social policy
650 ## - SUBJECT ADDED ENTRY--TOPICAL TERM
Topical term or geographic name entry element Social justice -- India
650 ## - SUBJECT ADDED ENTRY--TOPICAL TERM
Topical term or geographic name entry element Poor -- India
650 ## - SUBJECT ADDED ENTRY--TOPICAL TERM
Topical term or geographic name entry element Civil rights -- India
Holdings
Withdrawn status Lost status Damaged status Not for loan Permanent Location Current Location Date acquired Full call number Barcode Date last seen Price effective from Koha item type
        Indian Institute of Public Administration Indian Institute of Public Administration 2014-03-28 C41x54 D26i 85597 2018-07-21 2018-07-21 Book

Powered by Koha